| 000 | 01121nam a2200217 a 4500 | ||
|---|---|---|---|
| 001 | 000288150 | ||
| 003 | AM-YeHGA | ||
| 005 | 20250618071901.0 | ||
| 008 | 031126s1965 ai r 000 0 rus d | ||
| 040 | _aAM-YeHGA | ||
| 041 | 0 | _arus | |
| 100 | 1 |
_aԱսլանյան, Հայկազ Գաբրիելի, _d1903-1980 _92185 |
|
| 245 | 1 | 0 |
_aИдея прогресса в буржуазной философии истории = _bԱռաջադիմության գաղափարը բուրժուական պատմափիլիսոփայության մեջ / _cГ.Асланян; АН АрмССР, Сектор философии и права. |
| 246 | 3 | 1 | _aԱռաջադիմության գաղափարը բուրժուական պատմափիլիսոփայության մեջ |
| 260 |
_aЕреван : _bИзд-во АН АрмССР, _c1965. |
||
| 300 |
_a396 с. ; _c23 см. |
||
| 504 | _aБиблиогр. в подстроч. примеч. | ||
| 650 | 1 | 4 | _aФилософия буржуазная |
| 710 | 2 | _aАкадемия наук Армянской ССР, Сектор философии и права | |
| 090 | _c106820 | ||
| 999 |
_c105496 _d105496 |
||